| 000 | 00450nam a2200109Ia 4500 | ||
|---|---|---|---|
| 008 | 160909s9999 xx 000 0 und d | ||
| 100 | _aSmith, Elaine Kelly | ||
| 245 | 2 | _aA descriptive analysis of high school choral teachers’ inclusion of popular music in current teaching practices | |
| 260 |
_bThe University of North Carolina at Greensboro _c2016 |
||
| 650 | _aMULTIMEDIA ARTS | ||
| 856 | _uhttp://pqdtopen.proquest.com/doc/1795572460.html?FMT=ABS | ||
| 999 |
_c304383 _d304383 |
||